Southville International School and Colleges
Your cart is empty.
  • Cart
  • Lists
    Public lists Eva Luna New books Lux_list list_1
    Your lists Log in to create your own lists
  • Log in to your account
  • Your cookies
  • Search history
Southville International School and Colleges
  • Advanced search
  • Recent comments
  • Most popular
  • Libraries

Log in to your account

Log in with GOOGLE


If you do not have an external account, but do have a local account, you can still log in:

  1. Home
  2. MARC view: Botany :
Normal view MARC view ISBD view

Botany : (Record no. 288731)

[ view plain ]
MARC details
000 -LEADER
fixed length control field 00689nam a22002050 4500
001 - CONTROL NUMBER
control field ocn9710800612
003 - CONTROL NUMBER IDENTIFIER
control field PILC
005 - DATE AND TIME OF LATEST TRANSACTION
control field 20150924080139.0
008 - FIXED-LENGTH DATA ELEMENTS--GENERAL INFORMATION
fixed length control field /0/2
020 ## - INTERNATIONAL STANDARD BOOK NUMBER
International Standard Book Number 9710800612
050 ## - LIBRARY OF CONGRESS CALL NUMBER
Classification number QK 47
Item number .B776 1982
100 1# - MAIN ENTRY--PERSONAL NAME
Personal name Weier, Thomas Elliot,
Dates associated with a name 1903-
245 10 - TITLE STATEMENT
Title Botany :
Remainder of title an introduction to plant biology /
Statement of responsibility, etc T. Elliot Weier, C. Ralph Stocking, Michael G. Barbour, Thomas L. Rost.
250 ## - EDITION STATEMENT
Edition statement 6th edition.
260 ## - PUBLICATION, DISTRIBUTION, ETC. (IMPRINT)
Place of publication, distribution, etc Manila :
Name of publisher, distributor, etc National Book Store,
Date of publication, distribution, etc 1982.
300 ## - PHYSICAL DESCRIPTION
Extent viii, 720 pages :
Other physical details illustrations ;
Dimensions 26 cm.
500 ## - GENERAL NOTE
General note Reprint. Originally published: New York : Wiley, 1982.
650 ## - SUBJECT ADDED ENTRY--TOPICAL TERM
Topical term or geographic name as entry element Botany.
942 ## - ADDED ENTRY ELEMENTS (KOHA)
Source of classification or shelving scheme Library of Congress Classification
Koha item type Books
Call number prefix Foreign
Holdings
Withdrawn status Lost status Source of classification or shelving scheme Damaged status Home library Current library Shelving location Date acquired Source of acquisition Total Checkouts Total Renewals Full call number Barcode Date last seen Date checked out Price effective from Koha item type
    Library of Congress Classification   Archives Archives   09/24/2015 Donation 1 15 QK 47 .B776 1982 C20052 12/07/2018 08/14/2018 09/24/2015 Books

Botany :

APA

Weier T. E., . (1982). Botany. Manila: National Book Store.

Chicago

Weier Thomas Elliot, . 1982. Botany. Manila: National Book Store.

Harvard

Weier T. E., . (1982). Botany. Manila: National Book Store.

MLA

Weier Thomas Elliot, . Botany. Manila: National Book Store. 1982.

  • Place hold
  • Print
  • Cite
  • Add to your cart (remove)
  • Save record
    BIBTEX Dublin Core MARCXML MARC (non-Unicode/MARC-8) MARC (Unicode/UTF-8) MARC (Unicode/UTF-8, Standard) MODS (XML) RIS
  • More searches
    Search for this title in:
    Other Libraries (WorldCat) Other Databases (Google Scholar) Online Stores (Bookfinder.com) Open Library (openlibrary.org)

Exporting to Dublin Core...

SOUTHVILLE LIBRARY

Southville International School and Colleges Library

1281 Tropical Ave. Cor. Luxembourg St., BF Homes International, Las Pinas City

Tel. No. 8256374 / 252358 Loc. 117/146

Powered by Koha